000
00316nam a22001457a 4500
020
_a
978-81-8266-309-1
082
_a
910
_b
SUJ/K
100
_a
SUJATHADEVI
245
_a
KADUKALUDE THALAM THEDI
260
_a
KOZHIKODE
_b
MATHRUBHUMI BOOKS
_c
2015
300
_a
127
520
_a
NOVEL
650
_a
NOVEL
942
_c
BK
999
_c
5273
_d
5273